• 首页
  • 本馆介绍
  • 公告通知
  • 最新文献
  • 馆藏检索
  • 电子资源
  • 读者导购
  • 参考咨询
  • 我的图书馆
  • 登录
  • 详细信息显示
  • 放入我的书架
  • 预约/预借图书
  • 作者相关作品
  • 分类相关作品
  • 丛书相关作品
  • 出版社相关作品

书目信息

  • 表格格式
  • 工作单格式
  • 卡片格式
题名:
中国传统法律文化研究
    
 
作者: 曾宪义 总主编 ;马小红 , 史彤彪 卷主编
分册: 第八卷   输出与反应
出版信息: 北京   中国人民大学出版社  2011.02
页数: 432页
开本: 25cm
丛书名:
单 册:
中图分类: D929 , D909.1
科图分类:
主题词: 法律--文化--研究--中国 , 法律--文化--中国--影响--法律--世界 , 法律
电子资源:
ISBN: 978-7-300-12978-5
000 01353nam0 2200325 450
001 010700105358
005 20130626091257.21
010    @a978-7-300-12978-5@b精装@dCNY198.00,CNY1980.00(全10册)
100    @a20110512d2011 em y0chiy50 ea
101 0  @achi
102    @aCN@b110000
105    @ay z 000yy
106    @ar
200 1  @a中国传统法律文化研究@9zhong guo chuan tong fa lu^ wen hua yan jiu@h第八卷@i输出与反应@e中国传统法律文化的域外影响@f曾宪义总主编@g马小红,史彤彪本卷主编
210    @a北京@c中国人民大学出版社@d2011.02
215    @a432页@d25cm
300    @a“十一五”国家重点图书出版规划 教育部哲学社会科学研究重大课题攻关项目资助
304    @a中国人民大学法律文化研究中心,曾宪义法学教育与法律文化基金会组织编写
330    @a本书分中国传统法律文化对东方的影响、中国传统法律文化对西方的影响两编,主要内容包括:中国古代法律对日本的影响、中国法律文化对朝鲜的影响等。
517 1  @a中国传统法律文化的域外影响@9zhong guo chuan tong fa lu^ wen hua de yu wai ying xiang
606 0  @a法律@x文化@x研究@y中国
606 0  @a法律@x文化@y中国@x影响@x法律@y世界
606 0  @a法律
690    @aD929@v4
690    @aD909.1@v4
701  0 @a曾宪义@9zeng xian yi@4总主编
702  0 @a马小红@9ma xiao hong@4卷主编
702  0 @a史彤彪@9shi tong biao@4卷主编
801  0 @aCN@bRENTIAN@c20110512
905    @b544422-26@dD929@e401:8@f5
    
    中国传统法律文化研究.第八卷.输出与反应:中国传统法律文化的域外影响/曾宪义总主编/马小红,史彤彪本卷主编.-北京:中国人民大学出版社,2011.02
    432页;25cm
    “十一五”国家重点图书出版规划 教育部哲学社会科学研究重大课题攻关项目资助
    
    ISBN 978-7-300-12978-5(精装):CNY198.00,CNY1980.00(全10册)
    本书分中国传统法律文化对东方的影响、中国传统法律文化对西方的影响两编,主要内容包括:中国古代法律对日本的影响、中国法律文化对朝鲜的影响等。
●
相关链接 在E读中查询图书 在五车中查询图书 在当当中查询图书 在豆瓣中查询图书


正题名:中国传统法律文化研究     索取号:D929/401:8         预约/预借

序号 登录号 条形码 馆藏地/架位号 状态 备注
1 544422   205444223   第一样本阅览室/ [索取号:D929/401:8] 在馆    
2 544423   205444232   第一借阅区/ [索取号:D929/401:8] 在馆    
3 544424   205444241   第一借阅区/ [索取号:D929/401:8] 在馆    
4 544425   205444250   密集书库-史法系/ [索取号:D929/401:8] 在馆    
5 544426   205444269   第一借阅区/ [索取号:D929/401:8] 在馆    
唐山师范学院图书馆 欢迎您!
大连网信软件有限公司© 版权所有